Statistiques concernant Pays membre de l'UE

Cliquez ici pour prendre le quiz!

Statistiques générales

  • Ce quiz a été pris 127 fois
  • Le résultat moyen est 26 sur 28

Statistiques - réponses

Pays% Correct
France
100%
Italie
100%
Allemagne
99%
Espagne
99%
Finlande
98%
Belgique
97%
Lituanie
97%
Portugal
97%
Autriche
96%
Danemark
96%
Estonie
96%
Lettonie
96%
Suède
96%
Grèce
95%
Irlande
93%
Luxembourg
93%
Pays-Bas
93%
Roumanie
93%
Bulgarie
92%
Hongrie
92%
Pologne
92%
Slovaquie
92%
Slovénie
91%
Croatie
90%
Malte
82%
République Tchèque
82%
Royaume-Uni
80%
Chypre
75%

Distribution des résultats

Percentile par nombre de réponses

% des personnes avec chaque résultat

Votre développement - résultats

Vous n’avez pas pris ce quiz